Statistics for Countries with the Greatest Proportion of People Without Religion

Click here to take the quiz!

General Stats

  • This quiz has been taken 1,170 times
    (1,151 since last reset)
  • The average score is 13 of 18

Answer Stats

HintAnswer% Correct
#11United Kingdom
90%
#2Sweden
89%
#7Norway
88%
#10Finland
86%
#13Germany
84%
#4Denmark
83%
#6France
83%
#1Japan
78%
#9Netherlands
78%
#15Belgium
73%
#8Estonia
68%
#12South Korea
65%
#16New Zealand
62%
#5Czech Republic
59%
#14Hungary
50%
#18Slovenia
47%
#3Vietnam
44%
#17Bulgaria
33%

Score Distribution

Percentile by Number Answered

Percent of People with Each Score

Your Score History

You have not taken this quiz since the last reset